Le vignoble de Champagne - Statistiques

Statistiques générales
  • Ce quiz a été pris 147 fois
  • Le résultat moyen est 4 sur 5
Statistiques - réponses
Département % Correct
Marne
99%
Haute-Marne
90%
Aube
83%
Aisne
74%
Seine-et-Marne
54%
Aucun quiz correspondant
Distribution des résultats
% des personnes avec chaque résultat
Percentile par nombre de réponses
Votre historique - résultats
Vous n’avez pas pris ce quiz